000
00263nam a22001217a 4500
020
_a
0-8431-1565-3
082
_a
823
_b
COS/B
100
_a
COSGROVE, STEPHEN
245
_a
BUTTERMILK
260
_a
USA
_b
LOS ANGELS
650
_a
ENGLISH SHORT STORY
_z
USA
942
_c
BK
999
_c
3559
_d
3559